Harry Potter Anagrams - Statistics

General Stats
  • This quiz has been taken 1,132 times
  • The average score is 7 of 15
Answer Stats
Hint Answer % Correct
Ignore Her German Hermione Granger
95%
Try Hero Part Harry Potter
94%
Dig Hew Hedwig
76%
Renewal Soy Ron Weasley
64%
Urine Lumps Remus Lupin
51%
Bus Slick Liar Sirius Black
49%
See Yawningly Ginny Weasley
47%
Rosebud Bead Mull Albus Dumbledore
42%
A fool Mad cry Draco Malfoy
41%
Up averseness Severus Snape
41%
On Valued Logo Luna Lovegood
33%
Bash Dire Guru Rubeus Hagrid
31%
Benign Molotov Tell Neville Longbottom
30%
Moved Droll Rot Lord Voldemort
29%
Tried Mold Tom Riddle
24%
No matching quizzes found
Score Distribution
Percent of People with Each Score
Percentile by Number Answered
Your Score History
You have not taken this quiz